Every Live Action Superhero Movie Ever - Statistics

General Stats
  • This quiz has been taken 182 times
    118 since last reset
  • The average score is 89 of 111
Answer Stats
Year Rating Answer % Correct
2008 94% Iron Man
100%
2010 71% Iron Man 2
100%
2013 79% Iron Man 3
100%
2015 76% Avengers: Age of Ultron
98%
2019 94% Avengers: Endgame
98%
2018 85% Avengers: Infinity War
98%
1966 81% Batman
98%
1989 73% Batman
98%
1997 12% Batman and Robin
98%
2005 84% Batman Begins
98%
1995 39% Batman Forever
98%
1992 81% Batman Returns
98%
2016 29% Batman v Superman: Dawn of Justice
98%
2024 78% Deadpool and Wolverine
98%
2013 56% Man of Steel
98%
1978 93% Superman
98%
1951 N/A Superman and the Mole Men
98%
1980 83% Superman II
98%
1983 30% Superman III
98%
1987 10% Superman IV: The Quest for Peace
98%
2006 74% Superman Returns
98%
2012 91% The Avengers
98%
2022 85% The Batman
98%
2008 94% The Dark Knight
98%
2012 87% The Dark Knight Rises
98%
2002 90% Spider-Man
96%
2004 93% Spider-Man 2
96%
2007 63% Spider-Man 3
96%
2019 90% Spider-Man: Far From Home
96%
2017 92% Spider-Man: Homecoming
96%
2021 93% Spider-Man: No Way Home
96%
2012 71% The Amazing Spider-Man
96%
2014 51% The Amazing Spider-Man 2
96%
2022 63% Thor: Love and Thunder
96%
2017 93% Thor: Ragnarok
96%
2013 66% Thor: The Dark World
96%
2009 38% X-Men Origins: Wolverine
96%
2015 83% Ant-Man
94%
2018 87% Ant-Man and the Wasp
94%
2023 47% Ant-Man and the Wasp: Quantumania
94%
2016 90% Captain America: Civil War
94%
2016 85% Deadpool
94%
2018 84% Deadpool 2
94%
2017 94% Logan
94%
2011 77% Thor
94%
2011 80% Captain America: The First Avenger
93%
2014 90% Captain America: The Winter Soldier
93%
2003 62% Hulk
93%
2008 67% The Incredible Hulk
93%
2020 36% The New Mutants
93%
2013 71% The Wolverine
93%
2019 22% Dark Phoenix
91%
2017 93% Wonder Woman
91%
2020 58% Wonder Woman 1984
91%
2003 85% X2: X-Men United
91%
2000 82% X-Men
91%
2016 47% X-Men: Apocalypse
91%
2014 90% X-Men: Days of Future Past
91%
2011 86% X-Men: First Class
91%
2006 57% X-Men: The Last Stand
91%
2021 79% Black Widow
89%
2018 96% Black Panther
87%
2022 84% Black Panther: Wakanda Forever
87%
2023 62% The Marvels
87%
2018 65% Aquaman
85%
2019 79% Captain Marvel
85%
2016 89% Doctor Strange
83%
2023 81% Guardians of the Galaxy Vol. 3
83%
2021 47% Eternals
80%
2015 9% Fan4stic
78%
2017 39% Justice League
78%
2023 63% The Flash
76%
2016 26% Suicide Squad
70%
2021 90% The Suicide Squad
70%
1998 57% Blade
69%
2002 57% Blade II
69%
2004 24% Blade Trinity
69%
2011 26% Green Lantern
69%
2008 29% Punisher: War Zone
69%
2004 29% The Punisher
69%
2003 43% Daredevil
67%
2019 69% Joker
67%
2024 32% Joker: Folie à Deux
67%
2014 92% Guardians of the Galaxy
65%
2021 91% Shang-Chi and the Legend of the Ten Rings
65%
2024 11% Madame Web
63%
2018 30% Venom
63%
2021 57% Venom: Let There Be Carnage
63%
2024 37% Venom: The Last Dance
63%
2005 11% Elektra
61%
2019 90% Shazam!
61%
2023 49% Shazam! Fury of the Gods
61%
2007 37% Fantastic Four: Rise of the Silver Surfer
59%
2005 28% Fantastic Four
57%
2007 27% Ghost Rider
57%
2012 18% Ghost Rider: Spirit of Vengeance
57%
2017 85% Guardians of the Galaxy Vol. 2
56%
2024 N/A Kraven the Hunter
56%
2022 38% Black Adam
52%
2020 78% Birds of Prey
50%
2022 74% Doctor Strange in the Multiverse of Madness
50%
2022 16% Morbius
50%
2023 77% Blue Beetle
48%
1986 14% Howard the Duck
46%
1982 60% Swamp Thing
41%
1989 44% The Return of Swamp Thing
41%
2004 8% Catwoman
39%
2009 65% Watchmen
35%
2010 12% Jonah Hex
30%
2005 46% Constantine
26%
1997 12% Steel
22%
No matching quizzes found
Score Distribution
Percent of People with Each Score
Percentile by Number Answered
Your Score History
You have not taken this quiz since the last reset